00354 2200145 4500001002100000005001700021035002500038082000800063100002900071245002900100250001400129260003500143300002100178990000900199INLIS00000000001002920150112154928.0 a0010-011500000002802 a650 aDrs. Pariata Westra, S.H aEnsiklopedi Administrasi aCetakan 4 aJakartabPT Gunung Agungc1981 a20.5 cm, 413 hlm a6377